[Event "Uruguay ch 2010"]
[Site "Montevideo URU"]
[Date "2010.04.16"]
[Round "9.3"]
[White "Roselli Mailhe, Bernardo"]
[Black "Guerrero, Alvaro"]
[Result "1-0"]
[WhiteElo "2386"]
[BlackElo "2225"]
[PlyCount "81"]
[EventDate "2010.04.10"]
[EventType "tourn"]
[EventRounds "11"]
[EventCountry "URU"]
[EventCategory "1"]
[Source "lmi"]
[SourceDate "2010.04.10"]

1. d4 Nf6 2. c4 g6 3. Nc3 Bg7 4. g3 O-O 5. Bg2 d6 6. e3 a6 7. Nge2 Nc6 8. O-O
Rb8 9. h3 Na5 10. b3 b5 11. c5 b4 12. Na4 Bd7 13. Qc2 d5 14. Nb2 Bf5 15. Nd3 h5
16. Bb2 Qd7 17. Kh2 Qb5 18. Rad1 e6 19. f3 g5 20. Bc1 Nc6 21. Qd2 Bg6 22. h4
gxh4 23. gxh4 Bxd3 24. Qxd3 Qxd3 25. Rxd3 Ne7 26. Bd2 Kh7 27. Be1 Rb7 28. Bh3
c6 29. Bg3 Rg8 30. e4 dxe4 31. fxe4 Ng6 32. e5 Ne4 33. Bg2 Nxg3 34. Nxg3 Rc7
35. Nxh5 Rh8 36. Be4 Kg8 37. Bxg6 fxg6 38. Nxg7 Rxg7 39. Kg3 Rgh7 40. Rdf3 Rxh4
41. Rf8+ 1-0

[Event "Uruguay ch 2010"]
[Site "Montevideo URU"]
[Date "2010.04.16"]
[Round "9.4"]
[White "Larrea, Manuel"]
[Black "Donatti, Alvaro"]
[Result "1-0"]
[WhiteElo "2333"]
[BlackElo "2216"]
[PlyCount "87"]
[EventDate "2010.04.10"]
[EventType "tourn"]
[EventRounds "11"]
[EventCountry "URU"]
[EventCategory "1"]
[Source "lmi"]
[SourceDate "2010.04.10"]

1. e4 Nf6 2. e5 Nd5 3. d4 d6 4. c4 Nb6 5. exd6 cxd6 6. Nc3 g6 7. Be3 Bg7 8. Rc1
O-O 9. b3 Nc6 10. d5 Ne5 11. Be2 Re8 12. Nf3 Nxf3+ 13. Bxf3 Nd7 14. O-O Ne5 15.
Be2 Qa5 16. Nb5 a6 17. b4 Qd8 18. Nd4 b6 19. f4 Nd7 20. Bf3 Qc7 21. Re1 a5 22.
Nb5 Qb8 23. a3 Ba6 24. Nd4 axb4 25. axb4 Qc7 26. Bf2 Bb7 27. Qb3 Kh8 28. Rc2
Bf6 29. g4 Rac8 30. g5 Bg7 31. Nb5 Qb8 32. Bg4 Rcd8 33. Rce2 e5 34. dxe6 fxe6
35. Bxe6 d5 36. cxd5 Qxf4 37. Bg3 Qxg5 38. h4 Qf6 39. Nd6 Rxe6 40. Rxe6 Qd4+
41. Bf2 Qxd5 42. Qxd5 Bxd5 43. Nf7+ Kg8 44. Nxd8 1-0

[Event "Uruguay ch 2010"]
[Site "Montevideo URU"]
[Date "2010.04.16"]
[Round "9.5"]
[White "Michailov, Matias"]
[Black "Lopez Azambuja, Nicolas"]
[Result "1-0"]
[WhiteElo "1993"]
[BlackElo "2141"]
[PlyCount "45"]
[EventDate "2010.04.10"]
[EventType "tourn"]
[EventRounds "11"]
[EventCountry "URU"]
[EventCategory "1"]
[Source "lmi"]
[SourceDate "2010.04.10"]

1. d4 c5 2. d5 e5 3. Nc3 d6 4. e4 a6 5. Nf3 Nf6 6. a4 g6 7. Nd2 Nbd7 8. Nc4 Qe7
9. Be2 Bg7 10. Bg5 h6 11. Be3 h5 12. Bg5 Bh6 13. h4 b6 14. Qd2 Bxg5 15. hxg5
Ng8 16. f4 Rb8 17. Bg4 exf4 18. Bxd7+ Kxd7 19. Qxf4 f6 20. O-O fxg5 21. Qf8
Qxf8 22. Rxf8 Kc7 23. Raf1 1-0

[Event "Uruguay ch 2010"]
[Site "Montevideo URU"]
[Date "2010.04.16"]
[Round "9.6"]
[White "Crosa Coll, Martin"]
[Black "Rodriguez Vila, Andres"]
[Result "0-1"]
[WhiteElo "2398"]
[BlackElo "2504"]
[PlyCount "84"]
[EventDate "2010.04.10"]
[EventType "tourn"]
[EventRounds "11"]
[EventCountry "URU"]
[EventCategory "1"]
[Source "lmi"]
[SourceDate "2010.04.10"]

1. g3 e5 2. Bg2 Nc6 3. d3 g6 4. c4 d6 5. Nc3 Bg7 6. Nf3 f5 7. O-O Nf6 8. Rb1
O-O 9. b4 h6 10. b5 Ne7 11. a4 Rb8 12. c5 Be6 13. Ba3 Rf7 14. Qc2 b6 15. cxd6
cxd6 16. Rfc1 g5 17. Qb2 Ng6 18. Na2 Qd7 19. Nb4 f4 20. Na6 Rd8 21. Rc7 Qe8 22.
Rbc1 e4 23. dxe4 Nd5 24. Nd4 Bxd4 25. Qxd4 Nxc7 26. Nxc7 Qd7 27. Rc6 Kh7 28.
Nxe6 Qxe6 29. Rxd6 Rxd6 30. Bxd6 Rd7 31. e5 Nxe5 32. Qe4+ Qg6 33. Qxg6+ Nxg6
34. Bb8 Rd1+ 35. Bf1 fxg3 36. hxg3 Nf8 37. f4 Nd7 38. Bc7 Nf6 39. Bb8 Ne4 40.
Bxa7 Nd2 41. Bxb6 Rxf1+ 42. Kg2 Ra1 0-1

[Event "Uruguay ch 2010"]
[Site "Montevideo URU"]
[Date "2010.04.17"]
[Round "10.1"]
[White "Rodriguez, Santiago"]
[Black "Muniz, Rafael"]
[Result "1-0"]
[WhiteElo "2270"]
[BlackElo "2174"]
[PlyCount "49"]
[EventDate "2010.04.10"]
[EventType "tourn"]
[EventRounds "11"]
[EventCountry "URU"]
[EventCategory "1"]
[Source "lmi"]
[SourceDate "2010.04.10"]

1. e4 c5 2. Nc3 d6 3. f4 Nc6 4. Nf3 g6 5. Bc4 Bg7 6. O-O Nf6 7. d3 O-O 8. Qe1
Nd4 9. Nxd4 cxd4 10. Nd5 Nxd5 11. Bxd5 Qc7 12. f5 Qxc2 13. Rf3 e6 14. Bb3 Qc5
15. f6 Bh8 16. Qh4 h5 17. Bf4 a5 18. Rc1 Qb6 19. Qg5 a4 20. Rh3 Qd8 21. e5 dxe5
22. Bxe5 Ra5 23. Rxh5 Qxf6 24. Bxf6 Bxf6 25. Qxa5 1-0

[Event "Uruguay ch 2010"]
[Site "Montevideo URU"]
[Date "2010.04.17"]
[Round "10.2"]
[White "Lopez Azambuja, Nicolas"]
[Black "Izquierdo, Daniel"]
[Result "1-0"]
[WhiteElo "2141"]
[BlackElo "2276"]
[PlyCount "253"]
[EventDate "2010.04.10"]
[EventType "tourn"]
[EventRounds "11"]
[EventCountry "URU"]
[EventCategory "1"]
[Source "lmi"]
[SourceDate "2010.04.10"]

1. d4 Nf6 2. c4 e6 3. Nc3 d5 4. cxd5 exd5 5. Bg5 c6 6. e3 Bf5 7. Qf3 Bg6 8.
Bxf6 Qxf6 9. Qxf6 gxf6 10. Kd2 Nd7 11. Nge2 Bd6 12. Ng3 f5 13. Nge2 Nf6 14. f3
h5 15. h4 Kd7 16. Nf4 Rae8 17. Bd3 Re7 18. Rae1 Rhe8 19. g3 Kc7 20. Re2 b6 21.
Rc1 Kb7 22. Ree1 Bh7 23. Re2 Rg8 24. Rg1 Bc7 25. Ke1 b5 26. Kf2 a6 27. Nb1 Bb6
28. Rc1 Rge8 29. Nd2 Bg6 30. Nb3 Nd7 31. Bb1 a5 32. Rce1 a4 33. Nc1 Ba5 34. Rd1
Nb6 35. b3 axb3 36. axb3 Nd7 37. Ncd3 Bb6 38. Rdd2 Bc7 39. Rc2 Bb6 40. Ra2 Bc7
41. Rac2 Bb6 42. Ra2 Nb8 43. Nb4 Nd7 44. Nbd3 Nf8 45. Rac2 Ne6 46. Nxe6 Rxe6
47. f4 f6 48. Ra2 R6e7 49. Kf3 Bf7 50. Rac2 Be6 51. Ra2 Bd7 52. b4 Bc8 53. Rac2
Rg7 54. Rg2 Ree7 55. Ra2 Kb8 56. Bc2 Rg8 57. Bb3 Bb7 58. Rac2 Re4 59. Nc5 Bc8
60. Nxe4 fxe4+ 61. Kf2 Kb7 62. Rb2 Bd7 63. Rg1 Kb8 64. Ra1 Bc8 65. Bd1 Rh8 66.
Be2 Bc7 67. Ke1 Bd6 68. Kd2 Rh7 69. Kc3 Rg7 70. Rg1 Rh7 71. Ra2 f5 72. Rga1 Bb7
73. Kb3 Be7 74. Rc1 Rh6 75. Rac2 Bd8 76. Rc5 Be7 77. R5c2 Rh7 78. Bf1 Rg7 79.
Rg2 Ka7 80. Be2 Rh7 81. Rgg1 Kb6 82. Bf1 Bd6 83. Bh3 Bc8 84. Ra1 Bb8 85. Ra8
Kb7 86. Ra2 Bd7 87. Bf1 Rg7 88. Be2 Be8 89. Kc3 Bd6 90. Rga1 Rxg3 91. Ra7+ Kc8
92. Rh7 Rxe3+ 93. Kd2 Rh3 94. Ra8+ Bb8 95. Rh8 Kb7 96. Rxb8+ Kxb8 97. Rxe8+ Kc7
98. Re5 Rxh4 99. Rxf5 Kd6 100. Rf6+ Ke7 101. Rxc6 Rxf4 102. Rh6 h4 103. Ke3 Rf8
104. Rxh4 Ra8 105. Rh7+ Kd6 106. Rb7 Ra3+ 107. Kf2 Ke6 108. Rxb5 Kf5 109. Rb8
Ke6 110. Rd8 Rb3 111. b5 Kf5 112. Rf8+ Ke6 113. Rh8 Kd6 114. Rc8 Rb4 115. Rd8+
Kc7 116. Rxd5 Kb6 117. Ke3 Rb2 118. Rd6+ Kc7 119. Re6 Kd7 120. Rxe4 Rb3+ 121.
Bd3 Kd6 122. Re5 Rb2 123. Rh5 Rg2 124. Rh6+ Kd7 125. d5 Kc7 126. Kd4 Rg7 127.
Rh7 1-0

[Event "Uruguay ch 2010"]
[Site "Montevideo URU"]
[Date "2010.04.17"]
[Round "10.4"]
[White "Guerrero, Alvaro"]
[Black "Crosa Coll, Martin"]
[Result "0-1"]
[WhiteElo "2225"]
[BlackElo "2398"]
[PlyCount "108"]
[EventDate "2010.04.10"]
[EventType "tourn"]
[EventRounds "11"]
[EventCountry "URU"]
[EventCategory "1"]
[Source "lmi"]
[SourceDate "2010.04.10"]

1. d4 g6 2. c4 Bg7 3. Nc3 d6 4. e4 e5 5. dxe5 dxe5 6. Qxd8+ Kxd8 7. Bg5+ f6 8.
Be3 Nh6 9. h3 c6 10. Nf3 Nd7 11. Be2 Nf7 12. Nd2 Bf8 13. a3 Bc5 14. O-O Ke7 15.
b4 Bxe3 16. fxe3 Rd8 17. Nb3 Nf8 18. Rf2 Nd6 19. Raf1 Ne8 20. Rb1 Be6 21. Bf1
b6 22. a4 Nd7 23. Ra2 Nd6 24. Nd2 a5 25. Rab2 Nb7 26. b5 c5 27. Bd3 Nd6 28. Rf1
Rg8 29. Kh2 Raf8 30. g4 Rf7 31. Rbb1 h5 32. gxh5 gxh5 33. Rg1 Rfg7 34. Rxg7+
Rxg7 35. Rg1 Rxg1 36. Kxg1 Bxh3 37. Nd5+ Kf7 38. Be2 Kg6 39. Ne7+ Kg5 40. Nf3+
Kh6 41. Nd2 Be6 42. Kg2 Nf8 43. Nd5 Bxd5 44. cxd5 Nd7 45. Bd3 Kg6 46. Kg3 Kf7
47. Kh4 c4 48. Nxc4 Nxc4 49. Bxc4 Nc5 50. d6+ Ke8 51. Bd5 Kd7 52. Kxh5 Kxd6 53.
Kg6 Nxa4 54. Kxf6 Nc3 0-1

[Event "Uruguay ch 2010"]
[Site "Montevideo URU"]
[Date "2010.04.17"]
[Round "10.5"]
[White "Donatti, Alvaro"]
[Black "Roselli Mailhe, Bernardo"]
[Result "0-1"]
[WhiteElo "2216"]
[BlackElo "2386"]
[PlyCount "45"]
[EventDate "2010.04.10"]
[EventType "tourn"]
[EventRounds "11"]
[EventCountry "URU"]
[EventCategory "1"]
[Source "lmi"]
[SourceDate "2010.04.10"]

1. e4 e5 2. Nf3 Nc6 3. Bb5 a6 4. Ba4 d6 5. O-O Bd7 6. c4 g6 7. Nc3 Bg7 8. d3
Nge7 9. Nd5 O-O 10. Rb1 h6 11. b4 f5 12. Bb3 fxe4 13. dxe4 Bg4 14. c5 Kh8 15.
Be3 Nxd5 16. Bxd5 Qd7 17. cxd6 cxd6 18. Rb3 Rac8 19. Bb6 Rf4 20. b5 axb5 21.
Be3 Bxf3 22. gxf3 Rh4 23. Rxb5 0-1

[Event "Uruguay ch 2010"]
[Site "Montevideo URU"]
[Date "2010.04.18"]
[Round "11.1"]
[White "Larrea, Manuel"]
[Black "Rodriguez, Santiago"]
[Result "1-0"]
[WhiteElo "2333"]
[BlackElo "2270"]
[PlyCount "89"]
[EventDate "2010.04.10"]
[EventType "tourn"]
[EventRounds "11"]
[EventCountry "URU"]
[EventCategory "1"]
[Source "lmi"]
[SourceDate "2010.04.10"]

1. e4 c5 2. Nc3 Nc6 3. Nge2 g6 4. d4 cxd4 5. Nxd4 Bg7 6. Be3 Nf6 7. Bc4 Qa5 8.
O-O O-O 9. Bb3 d6 10. h3 Bd7 11. Nde2 Rac8 12. f4 b5 13. a3 b4 14. Nd5 Qb5 15.
axb4 Nxd5 16. exd5 Nxb4 17. Rxa7 Bf5 18. c4 Rxc4 19. Bxc4 Qxc4 20. Qd2 Nxd5 21.
Bf2 Rb8 22. Nd4 Bd3 23. Rc1 Qxd4 24. Bxd4 Bxd4+ 25. Kh1 Bxa7 26. Qxd3 Nxf4 27.
Qa6 Bc5 28. Rc4 Nd3 29. Rc3 Nxb2 30. h4 Nd1 31. Rc1 Nf2+ 32. Kh2 h5 33. Qc4
Ng4+ 34. Kg3 Kg7 35. Rf1 f5 36. Rf3 Rb4 37. Qc3+ Nf6 38. Rf4 Rxf4 39. Kxf4 e5+
40. Kf3 Bd4 41. Qc7+ Kh6 42. Qxd6 e4+ 43. Ke2 Bb2 44. Qd2+ e3 45. Qxb2 1-0

[Event "Uruguay ch 2010"]
[Site "Montevideo URU"]
[Date "2010.04.18"]
[Round "11.2"]
[White "Roselli Mailhe, Bernardo"]
[Black "Gonzalez, Nahuel"]
[Result "1-0"]
[WhiteElo "2386"]
[BlackElo "2154"]
[PlyCount "43"]
[EventDate "2010.04.10"]
[EventType "tourn"]
[EventRounds "11"]
[EventCountry "URU"]
[EventCategory "1"]
[Source "lmi"]
[SourceDate "2010.04.10"]

1. d4 Nf6 2. c4 g6 3. Nc3 d5 4. Nf3 Bg7 5. Bf4 O-O 6. Rc1 dxc4 7. e4 c5 8. dxc5
Qa5 9. e5 Ne4 10. Bxc4 Nc6 11. O-O Nxc5 12. Nd5 Ne6 13. b4 Qd8 14. Bg3 Qd7 15.
Qd2 Rd8 16. b5 Nb8 17. Qb4 Bf8 18. Bh4 g5 19. Nxg5 Nxg5 20. Bxg5 Qg4 21. Nxe7+
Bxe7 22. Bxf7+ 1-0

[Event "Uruguay ch 2010"]
[Site "Montevideo URU"]
[Date "2010.04.18"]
[Round "11.3"]
[White "Crosa Coll, Martin"]
[Black "Donatti, Alvaro"]
[Result "1-0"]
[WhiteElo "2398"]
[BlackElo "2216"]
[PlyCount "75"]
[EventDate "2010.04.10"]
[EventType "tourn"]
[EventRounds "11"]
[EventCountry "URU"]
[EventCategory "1"]
[Source "lmi"]
[SourceDate "2010.04.10"]

1. g3 c5 2. Bg2 Nc6 3. d3 d5 4. Nd2 e5 5. e4 d4 6. a4 Nf6 7. Nc4 Be7 8. Nf3 Qc7
9. O-O Bg4 10. h3 Be6 11. b3 h6 12. Bd2 O-O 13. Nh4 Qd7 14. Kh2 Nh7 15. Qh5 Nf6
16. Qe2 Nh7 17. Nf5 Rfe8 18. a5 Bf8 19. g4 Qc7 20. f4 g6 21. Ng3 Bxc4 22. bxc4
exf4 23. Bxf4 Bd6 24. Bxd6 Qxd6 25. Qf2 Ne5 26. Kg1 Re6 27. Ne2 Rf6 28. Qh4 Ng5
29. Rxf6 Qxf6 30. Qg3 Qd6 31. Nf4 Kg7 32. Rf1 Ne6 33. Nd5 Nxc4 34. Qxd6 Nxd6
35. e5 Nb5 36. Nf6 Nc3 37. a6 Rb8 38. Nd7 1-0

[Event "Uruguay ch 2010"]
[Site "Montevideo URU"]
[Date "2010.04.18"]
[Round "11.5"]
[White "Izquierdo, Daniel"]
[Black "Rodriguez Vila, Andres"]
[Result "0-1"]
[WhiteElo "2276"]
[BlackElo "2504"]
[PlyCount "116"]
[EventDate "2010.04.10"]
[EventType "tourn"]
[EventRounds "11"]
[EventCountry "URU"]
[EventCategory "1"]
[Source "lmi"]
[SourceDate "2010.04.10"]

1. d4 f5 2. g3 Nf6 3. Bg2 d6 4. c4 g6 5. Nh3 Bg7 6. Nc3 O-O 7. O-O Nc6 8. d5
Ne5 9. Qb3 Nfd7 10. Na4 Nb6 11. Nxb6 axb6 12. f4 Nd7 13. Nf2 Nc5 14. Qc2 e5 15.
dxe6 Bxe6 16. Bd2 Na4 17. Nd3 Qf6 18. Bxb7 Qd4+ 19. e3 Qxc4 20. Rfc1 Qxc2 21.
Rxc2 Ra7 22. Bc6 Nc5 23. Nb4 Bb3 24. Bd5+ Bxd5 25. Nxd5 Kf7 26. Rac1 Ke6 27.
Nb4 Kd7 28. Bc3 Bxc3 29. Rxc3 Ne4 30. R3c2 c5 31. Nd5 Kc6 32. Rd1 h5 33. a3 h4
34. Kg2 hxg3 35. hxg3 Rh8 36. Kf3 Rh3 37. Rg2 b5 38. Rd3 Rh1 39. Nc3 c4 40. Rd1
Rxd1 41. Nxd1 Rh7 42. Nf2 d5 43. g4 Nxf2 44. Kxf2 Kc5 45. Kg3 Rh1 46. gxf5 gxf5
47. Rd2 Rb1 48. Kf3 Rg1 49. Kf2 Rg6 50. Kf3 Rd6 51. Rd1 d4 52. e4 fxe4+ 53.
Kxe4 Re6+ 54. Kf5 Re2 55. Rb1 d3 56. Kg4 d2 57. Rd1 Kd4 58. Kf3 Kd3 0-1

[Event "Uruguay ch 2010"]
[Site "Montevideo URU"]
[Date "2010.04.18"]
[Round "11.6"]
[White "Muniz, Rafael"]
[Black "Lopez Azambuja, Nicolas"]
[Result "1/2-1/2"]
[WhiteElo "2174"]
[BlackElo "2141"]
[PlyCount "61"]
[EventDate "2010.04.10"]
[EventType "tourn"]
[EventRounds "11"]
[EventCountry "URU"]
[EventCategory "1"]
[Source "lmi"]
[SourceDate "2010.04.10"]

1. e4 e6 2. d4 d5 3. e5 c5 4. c3 Nc6 5. Nf3 Qb6 6. a3 Nh6 7. Bd3 cxd4 8. cxd4
Nf5 9. Bxf5 exf5 10. Nc3 Be6 11. O-O h6 12. b4 Be7 13. Na4 Qd8 14. Nc5 b6 15.
Nb3 a6 16. Bb2 O-O 17. Rc1 Qd7 18. Ne1 Rfc8 19. Nd3 Na7 20. Qf3 Bg5 21. Nf4
Rxc1 22. Rxc1 Rc8 23. g3 Rxc1+ 24. Bxc1 Qc6 25. Nxe6 fxe6 26. Bxg5 hxg5 27. Qh5
g4 28. Qg6 Nc8 29. a4 Ne7 30. Qg5 Qc2 31. Qxe7 1/2-1/2